Guess 100 Liverpool footballers by image - Statistics

General Stats
  • This quiz has been taken 679 times
  • The average score is 63 of 100
Answer Stats
Picture Answer % Correct
Alisson
99%
James Milner
93%
Mohamed Salah
91%
Fernando Torres
90%
Joe Gómez
90%
Jordan Henderson
90%
Luís Suarez
90%
Sadio Mané
90%
Virgil van Dijk
90%
Philippe Coutinho
89%
Roberto Firmino
89%
Steven Gerrard
89%
Xabi Alonso
89%
Andrew Robertson
88%
Loris Karius
88%
Trent Alexander-Arnold
88%
Darwin Núñez
87%
Diogo Jota
87%
Luis Díaz
87%
Ian Rush
86%
Cody Gakpo
85%
Fabinho
84%
Joel Matip
83%
Raheem Sterling
83%
Thiago Alcántara
83%
Georginio Wijnaldum
81%
Peter Crouch
81%
Xherdan Shaqiri
81%
Adam Lallana
80%
Alex Oxlade-Chamberlain
79%
Emre Can
79%
Jamie Carragher
79%
Dirk Kuyt
78%
Javier Mascherano
78%
Divock Origi
77%
Harvey Elliott
77%
Pepe Reina
77%
Ibrahima Konate
76%
Mario Balotelli
76%
Martin Skrtel
76%
Naby Keita
76%
Takumi Minamino
76%
Curtis Jones
75%
Jerzy Dudek
75%
Michael Owen
72%
Robbie Fowler
72%
Andy Carroll
71%
Kenny Dalglish
71%
Daniel Sturridge
70%
Kostas Tsimikas
70%
Djibril Cisse
69%
Mamadou Sakho
69%
Dejan Lovren
68%
Kolo Toure
68%
Simon Mignolet
68%
John Arne Riise
67%
Lucas Leiva
67%
Arthur Melo
65%
John Barnes
64%
Victor Moses
63%
Nathaniel Clyne
62%
Alberto Moreno
61%
Christian Benteke
61%
Nicolas Anelka
61%
Iago Aspas
60%
Joe Cole
60%
Fabio Carvalho
58%
Ryan Babel
56%
Steve McManaman
55%
Glen Johnson
49%
Joe Allen
49%
Robbie Keane
47%
Sami Hyypia
47%
Daniel Agger
44%
Fabio Borini
39%
Jamie Redknapp
39%
Graeme Souness
38%
Paul Ince
38%
Jari Litmanen
37%
Maxi Rodriguez
37%
Craig Bellamy
36%
José Enrique
36%
Luis García
36%
Bruce Grobbelaar
34%
Vladimir Šmicer
34%
Alberto Aquilani
33%
Suso
33%
Fernando Morientes
32%
Kevin Keegan
32%
Álvaro Arbeloa
31%
Raul Meireles
30%
Stewart Downing
29%
Steve Finnan
27%
Alan Hansen
26%
Luis Alberto
26%
Ray Clemence
25%
Emlyn Hughes
19%
Phil Neal
17%
Fábio Aurelio
16%
Ian Callaghan
16%
No matching quizzes found
Score Distribution
Percent of People with Each Score
Percentile by Number Answered
Your Score History
You have not taken this quiz